| 000 | 00000nam##2200000za#4500 |
| 001 | 9.694822 |
| 003 | CaOODSP |
| 005 | 20210624234309 |
| 007 | cr ||||||||||| |
| 008 | 150407|2006||||xxc|||||o f|0| 0 eng|d |
| 040 | |aCaOODSP|beng |
| 043 | |an-cn--- |
| 086 | 1 |aM4-34/2006E-PDF |
| 110 | 1 |aCanada.|bNatural Resources Canada. |bEarth Sciences Sector. |
| 245 | 10|aEarth Sciences Sector business plan 2006-2009 |h[electronic resource] |
| 260 | |aOttawa - Ontario : |bNatural Resources Canada. |cc2006. |
| 300 | |a51p.|bcoloured map, organization chart, tables, photographs |
| 500 | |aThe catalogue number (M4-34/2006E) and ISBN (978-0-662-45209-6) for the print edition have been incorrectly copied in this PDF version. |
| 590 | |a11-13-Supp|b2011-08-04 |
| 690 | 07|aBusiness plans|2gcpds |
| 775 | 08|tSecteur des sciences de la terre - plan d'affaires 2006-2009 |w(CaOODSP)9.638993 |
| 856 | 40|ahttp://publications.gc.ca|qPDF|s4920 KB|uhttps://publications.gc.ca/collections/collection_2011/rncan-nrcan/M4-34-2006-eng.pdf |